000 00352nam a2200157Ia 4500
003 OSt
005 20231223060241.0
008 170524s9999 xx 000 0 und d
020 _a9781439804728
040 _cIIMTU
100 _aHusain A
245 0 _aFundamental Electrical Engineering
260 _bDhanpat Rai
260 _c2007
942 _2ddc
_c02
999 _c4788
_d4788